000 02369cam a22003371i 4500
003 SA-RiAUC
005 20241210091415.0
008 241209s1994 mr g 00000 ara c
020 _a9981825247
020 _a9981825247
040 _aSA-JeALM
_bara
_cSA-RiAUC
_erda
082 0 4 _a251.8
_qSA-RiAUC
090 _a251.8
_bر و ك
100 1 _aالروكي، محمد،
_d1953-
_eمؤلف.
245 1 0 _aنظرية التقعيد الفقهي وأثرها في اختلاف الفقهاء /
_cمحمد الروكي.
250 _aالطبعة الأولى.
264 1 _aالرباط:
_bكلية الاداب والعلوم الانسانية،
_c1994
264 3 _aالدار البيضاء، المغرب :
_bمطبعة النجاح الجديدة
300 _a607 صفحة ؛
_c24 سم
336 _aنص
_btxt
_2rdacontent
_3كتاب
337 _aبدون وسيط
_bn
_2rdamedia
338 _aمجلد
_bnc
_2rdacarrier
490 0 _aسلسلة رسائل وأطروحات ؛
_v25
650 7 _aأصول الفقه الإسلامي
_2aucsh
650 7 _aالفقه الإسلامي
_2aucsh
650 7 _aالفقه الإسلامي
_xمذاهب
_2aucsh
856 _uhttp://saaid.net/book/open.php?cat=103&book=5398
_yExternal Link
_2 نرجو الانتباه لإمكانية وجود اختلاف في الطبعة أو الناشر بين البيانات على البوابة وما ستجده على الكتاب نظرا لمحدودية المعلومات المتاحة على الموقع الناشر للمادة.
_3Please note that there may be a difference in the edition or publisher between the data on the portal and the book due to the limited information available on the publisher website for the material.
856 _uhttp://saaid.net/book/11/4091.rar
_yDigital Copy
_2 نرجو الانتباه لإمكانية وجود اختلاف في الطبعة أو الناشر بين البيانات على البوابة وما ستجده على الكتاب نظرا لمحدودية المعلومات المتاحة على الموقع الناشر للمادة.
_3Please note that there may be a difference in the edition or publisher between the data on the portal and the book due to the limited information available on the publisher website for the material.
942 _2ddc
_cBOOK
_n0
949 _aSA-JeALM
_d241209
_uosman123
_n1
999 _c3255
_d3255